UBT Library

Nationalism and Realism: 1852-1879 / (Record no. 191)

000 -LEADER
fixed length control field 00496nam a22001817a 4500
008 - FIXED-LENGTH DATA ELEMENTS--GENERAL INFORMATION
fixed length control field 131029b xxu||||| |||| 00| 0 eng d
041 0# - LANGUAGE CODE
Language code of text/sound track or separate title eng
080 ## - UNIVERSAL DECIMAL CLASSIFICATION NUMBER
Universal Decimal Classification number 327.39.002
100 1# - Rafti
Rafti Kohn, Hans
245 ## - TITLE STATEMENT
Title Nationalism and Realism: 1852-1879 /
Statement of responsibility, etc Hans Kohn
260 ## -
-- Canada :
-- D. Van Nostrand ;
-- 1968.
300 ## -
-- 191 f. :
-- 19 cm.
490 ## -
-- An Anvil Original
-- II
500 ## -
-- Preface : f. 3-4
650 #0 -
-- Nacionalizmi
650 #0 -
-- Marrëdhënie ndërkombëtare
942 ## - ADDED ENTRY ELEMENTS (KOHA)
Source of classification or shelving scheme
Item type Books
Holdings
Withdrawn status Lost status Source of classification or shelving scheme Damaged status Not for loan Collection code Permanent location Current location Shelving location Date acquired Total Checkouts Full call number Barcode Date last seen Koha item type
          Koleksioni i përgjithshem UBT - Prishtine UBT - Prishtine Koleksioni i përgjithshem 10/29/2013   327.39.002 KOH 001-000213 10/29/2013 Books
UBT Library © 2015-2024. All rights reserved University Education for Business and Technology